All Serie B Teams Ever - Statistics

General Stats
  • This quiz has been taken 2 times
  • The average score is 50 of 114
Answer Stats
Seasons in Serie B Last Season in Serie B Team % Correct
28 2010-2011 Atalanta
100%
50 2025-2026 Bari
100%
12 2014-2015 Bologna
100%
30 2022-2023 Cagliari
100%
34 2014-2015 Catania
100%
10 2020-2021 Chievo
100%
37 2023-2024 Como
100%
23 2025-2026 Empoli
100%
5 2003-2004 Fiorentina
100%
34 2022-2023 Genoa
100%
1 2006-2007 Juventus
100%
11 1987-1988 Lazio
100%
27 2019-2020 Livorno
100%
2 1982-1983 Milan
100%
54 2025-2026 Modena
100%
41 2025-2026 Monza
100%
12 2006-2007 Napoli
100%
39 2025-2026 Padova
100%
48 2025-2026 Palermo
100%
30 2023-2024 Parma
100%
29 2022-2023 Perugia
100%
18 2010-2011 Piacenza
100%
38 2024-2025 Pisa
100%
9 2008-2009 Rimini
100%
14 2025-2026 Sampdoria
100%
13 2013-2014 Siena
100%
30 2023-2024 Ternana
100%
12 2011-2012 Torino
100%
18 1994-1995 Udinese
100%
40 2025-2026 Venezia
100%
53 2018-2019 Verona
100%
37 2021-2022 Vicenza
100%
9 2011-2012 AlbinoLeffe
50%
21 2009-2010 Ancona
50%
27 2023-2024 Ascoli
50%
20 2025-2026 Avellino
50%
5 2022-2023 Benevento
50%
66 2024-2025 Brescia
50%
6 1975-1976 Brindisi
50%
5 2018-2019 Carpi
50%
2 1997-1998 Castel di Sangro
50%
31 2025-2026 Catanzaro
50%
34 2025-2026 Cesena
50%
33 2024-2025 Cremonese
50%
25 2018-2019 Foggia
50%
14 2025-2026 Frosinone
50%
6 2012-2013 Grosseto
50%
7 2025-2026 Juve Stabia
50%
29 2021-2022 Lecce
50%
12 2023-2024 Lecco
50%
19 1998-1999 Lucchese
50%
16 2025-2026 Mantova
50%
32 2007-2008 Messina
50%
34 2017-2018 Novara
50%
40 2025-2026 Pescara
50%
10 1963-1964 Prato
50%
7 2007-2008 Ravenna
50%
37 2025-2026 Reggiana
50%
25 2022-2023 Reggina
50%
1 1951-1952 Roma
50%
31 2024-2025 Salernitana
50%
6 2024-2025 Sassuolo
50%
24 2022-2023 SPAL
50%
30 2025-2026 Spezia
50%
4 2025-2026 Sudtirol
50%
16 2008-2009 Treviso
50%
21 2014-2015 Varese
50%
2 1994-1995 Acireale
0%
21 2021-2022 Alessandria
0%
1 1999-2000 Alzano Virescit
0%
16 2006-2007 Arezzo
0%
4 1990-1991 Barletta
0%
5 1986-1987 Campobasso
0%
4 2025-2026 Carrarese
0%
2 1991-1992 Casertana
0%
3 1983-1984 Cavese
0%
18 2024-2025 Cittadella
0%
26 2024-2025 Cosenza
0%
15 2021-2022 Crotone
0%
12 1953-1954 Fanfulla
0%
1 2023-2024 Feralpisalò
0%
1 1999-2000 Fermana
0%
6 1998-1999 Fidelis Andria
0%
1 2009-2010 Gallipoli
0%
2 2011-2012 Gubbio
0%
4 2016-2017 Latina
0%
14 1956-1957 Legnano
0%
2 1989-1990 Licata
0%
10 1960-1961 Marzotto Valdagno
0%
1 1970-1971 Massese
0%
1 1979-1980 Matera
0%
3 2011-2012 Nocerina
0%
4 1954-1955 Pavia
0%
3 1953-1954 Piombino
0%
19 2001-2002 Pistoiese
0%
3 2021-2022 Pordenone
0%
1 2010-2011 Portogruaro
0%
5 1967-1968 Potenza
0%
13 1965-1966 Pro Patria
0%
4 1949-1950 Pro Sesto
0%
13 2017-2018 Pro Vercelli
0%
21 1988-1989 Sambenedettese
0%
3 1999-2000 Savoia
0%
5 1966-1967 Savona
0%
6 1950-1951 Seregno
0%
7 1952-1953 Siracusa
0%
1 1971-1972 Sorrento
0%
31 1992-1993 Taranto
0%
2 1965-1966 Trani
0%
5 2019-2020 Trapani
0%
22 2010-2011 Triestina
0%
11 1958-1959 Vigevano
0%
7 2025-2026 Virtus Entella
0%
4 2015-2016 Virtus Lanciano
0%
No matching quizzes found
Score Distribution
Percent of People with Each Score
Percentile by Number Answered
Your Score History
You have not taken this quiz